Movies Quiz

Random Movies or Director Quiz

TSPDT Best Films of the 1960s Quiz Stats

 Plays Quiz not verified by Sporcle

Support Sporcle.
Go Orange.
Score 0/178 Timer 20:00
0 Plays Today
TSPDT Rank Movie % Correct
42001: A Space Odyssey
94.8%
32Psycho
93%
13Lawrence of Arabia
92.2%
33Dr. Strangelove or: How I Learned to Stop Worrying and Love the Bomb
92.1%
68 1|2
91.3%
25La Dolce Vita
89.4%
48The Wild Bunch
89%
58The Apartment
87.2%
171The Good, the Bad and the Ugly
85.6%
61Once Upon a Time in the West
85.2%
236The Birds
83.9%
194The Graduate
83.4%
208Rosemary's Baby
82.1%
42Persona
79.4%
146Bonnie and Clyde
78.5%
207Blow-Up
76%
276West Side Story
75.6%
340Easy Rider
75.5%
45Jules and Jim
74.4%
275Midnight Cowboy
74%
379Spartacus
73.5%
65The Leopard
72%
41L'Avventura
71.8%
419The Sound of Music
71.3%
201Night of the Living Dead
71.3%
424Repulsion
70.9%
72The Man Who Shot Liberty Valance
70.6%
46Andrei Rublev
70.6%
330Doctor Zhivago
67.3%
237To Kill a Mockingbird
67%
215Peeping Tom
66.4%
374Marnie
66.1%
279Yojimbo
65.5%
367The Manchurian Candidate
63.9%
530Lolita
63.2%
388Butch Cassidy and the Sundance Kid
63%
99Last Year at Marienbad
57.9%
79The Battle of Algiers
54%
478Kes
52.9%
214The Umbrellas of Cherbourg
52.2%
902In the Heat of the Night
52.2%
485The Producers
52%
356Point Blank
49.6%
161Belle de Jour
49.5%
445A Hard Day's Night
49.1%
768My Fair Lady
49.1%
62The Conformist
48.7%
144Chimes at Midnight
48.4%
50Contempt
48%
790A Man for All Seasons
47.8%
92Playtime
47.7%
539The Great Escape
47.5%
70Viridiana
46.8%
914Tom Jones
46.4%
324The Hustler
45.7%
86Pierrot le Fou
45.7%
428The Innocents
44.6%
160Rocco and His Brothers
44.4%
60Au Hasard Balthazar
42.6%
142La Jetee
41.5%
TSPDT Rank Movie % Correct
489Cool Hand Luke
41.3%
461Faces
40.8%
499Breakfast at Tiffany's
40.1%
411The Servant
38.3%
247Week-End
37.4%
210L'Eclisse
37%
453Lola
36.1%
888Cul-de-Sac
36.1%
393Chelsea Girls
35.7%
238La Notte
35.6%
223Le Samourai
35.6%
358Closely Watched Trains
35.2%
219Shoot the Piano Player
34.8%
111Gertrud
34.3%
738The Magnificent Seven
34.3%
400Fellini Satyricon
34.1%
127The Exterminating Angel
33.2%
284Red Desert
31.8%
553Alphaville
31.4%
562Ride the High Country
31%
179The Gospel According to St. Matthew
30.9%
597Ivan's Childhood
30.9%
133Vivre Sa Vie
30.7%
325High and Low
30.5%
535If...
29.4%
663The Trial
28.5%
613America, America
28.3%
250Two or Three Things I Know About Her
26.9%
283My Night at Maud's
26.5%
993Z
26.5%
482Band of Outsiders
26.4%
704Red Beard
26.2%
890The Loneliness of the Long Distance Runner
25.6%
285Mouchette
25.5%
496The Silence
24.9%
452Winter Light
24.5%
624Shock Corridor
24.4%
449Army of Shadows
24%
637Splendor in the Grass
23.6%
755Hour of the Wolf
23.5%
630Woman in the Dunes
23.3%
413Scorpio Rising
22.9%
472Masculin Feminin
22.7%
405Loves of a Blonde
22.6%
920Seconds
22.6%
712The Misfits
22.4%
840El Dorado
22.2%
945Charade
22%
315An Autumn Afternoon
21.8%
837The Nutty Professor
21.3%
409Don't Look Back
20.9%
540Saturday Night and Sunday Morning
20.9%
844A Woman Is a Woman
20.9%
533Juliet of the Spirits
20%
338Wavelength
19.9%
456The Young Girls of Rochefort
19.9%
531Cleo from 5 to 7
19.9%
685The Firemen's Ball
19.5%
578Salesman
18.8%
695Faster, Pussycat! Kill! Kill!
17.7%
TSPDT Rank Movie % Correct
395The Colour of Pomegranate
17.3%
575The Party
17%
481I Am Cuba
16.8%
948Late Autumn
16.2%
984Dog Star Man
14.6%
668Titicut Follies
14.6%
753Black Sunday
14.1%
723War and Peace
13.9%
662Daisies
13.7%
966Harakiri
13.2%
922The Passion of Anna
13.2%
308Black God, White Devil
12.8%
527The Damned
12.3%
752Hatari!
11.9%
584The Wild Child
11.7%
423Muriel
10.3%
865Medium Cool
10.3%
525Teorema
10.1%
339Charulata
9.7%
363Accattone
9.6%
549Seven Women
9.6%
353Memories of Underdevelopment
8.7%
759Branded to Kill
8.7%
885Plein Soleil
8.1%
958Two for the Road
8.1%
341The Cloud-Capped Star
7.9%
636The End of Summer
7.9%
878Le Feu Follet
7.8%
889Wild River
7.4%
713The Hawks and the Sparrows
7.4%
309Salvatore Giuliano
7%
323El Verdugo
6.7%
825Judex
6.5%
833The Red and the White
6%
514A Touch of Zen
6%
806Chronicle of a Summer
5.8%
548Shadows of Our Forgotten Ancestors
5.6%
880La Collectionneuse
5.6%
832The Saragossa Manuscript
4.9%
896Il Sorpasso
4.7%
942Il Posto
3.8%
900Second Breath
3.6%
819The Art of Vision
3.4%
804Days and Nights in the Forest
3.4%
477Terra em Transe
3.2%
560The Hour of the Furnaces
2.9%
544Antonio das Mortes
2.9%
682The Chronicle of Anna Magdalena Bach
2.7%
701Placido
2.5%
728An Actor's Revenge
2.5%
742The Rise to Power of Louis XIV
1.8%
690Not Reconciled
1.6%
912L'Amour Fou
1.6%
599Barren Lives
1.3%
999Strangers When We Meet
0.9%
745Tom, Tom the Piper's Son
0.9%
802Subarnarekha
0.7%
996Yesterday Girl
0.7%

You're not logged in!

Compare scores with friends on all Sporcle quizzes.
OR
Log In

From the Vault

20 One-Word Movie Titles About Real People II

by DesertSpartan

Wouln't it be ironic if a biopic about Bono had a two-word title?
Remove Ads.
Support Sporcle.
Get the best of Sporcle when you Go Orange. This ad-free experience offers more features, more stats, and more fun while also helping to support Sporcle. Thank you for becoming a member.

Show Comments

Extras

Top Quizzes Today


Score Distribution

Your Account Isn't Verified!

In order to create a playlist on Sporcle, you need to verify the email address you used during registration. Go to your Sporcle Settings to finish the process.

Report this User

Report this user for behavior that violates our Community Guidelines.

Details: